Europas Hauptstädte - Statistiken

Allgemein
  • Dieses Quiz wurde 57 mal gespielt
  • Das Durchschnittsergebnis liegt bei 38 aus 51
Antwortstatistiken
Hinweis Antwort % Korrekt
Südlich Bern
96%
Südlich Wien
96%
Westlich Amsterdam
94%
Westlich Brüssel
94%
Östlich Berlin
94%
Südlich Rom
94%
Westlich Paris
94%
Südwestlich Budapest
92%
Nördlich Kopenhagen
92%
Südwestlich Lissabon
92%
Westlich London
92%
Nördlich Oslo
92%
Südöstlich Athen
90%
Westlich Dublin
90%
Westlich Prag
90%
Nördlich Stockholm
90%
Östlich Warschau
90%
Südlich Zagreb
88%
Nordöstlich Helsinki
88%
Westlich Luxemburg
88%
Südwestlich Madrid
88%
Südwestlich Bukarest
86%
Nordöstlich Riga
86%
Östlich Moskau
86%
Nordwestlich Reykjavik
84%
Östlich Kiew
82%
Südlich Monaco
82%
Nordöstlich Tallinn
82%
Südöstlich Sofia
80%
Südlich Vaduz
80%
Südwestlich Bratislava
78%
Südöstlich Belgrad
78%
Südlich Ljubljana
76%
Südlich Tirana
76%
Südlich Valletta
76%
Östlich Vilnius
76%
Südwestlich Andorra La Vella
73%
Östlich Minsk
73%
Südöstlich Sarajevo
73%
Südöstlich Ankara
71%
Südlich Vatikanstadt
71%
Östlich Chișinău
65%
Südöstlich Podgorica
63%
Südöstlich Skopje
63%
Südöstlich Pristina
61%
Südwestlich Tiflis
43%
Nordwestlich Edinburgh
29%
Westlich Cardiff
24%
Südlich Citta de San Marino
4%
Westlich Douglas
4%
Südöstlich Nokosia
2%
Keine übereinstimmenden Quizze gefunden
Verteilung der Resultate
Anzahl Personen mit jedem Resultat
Perzentil nach korrekt beantworteten Fragen
Ihre Resultats-Entwicklung
Sie haben dieses Quiz noch nicht gespielt